Die 10 reichsten Länder Asiens - Statistiken

Allgemein
  • Dieses Quiz wurde 15.970 mal gespielt
  • Das Durchschnittsergebnis liegt bei 6 aus 10
Antwortstatistiken
BIP pro Kopf Land % Korrekt
123.407€ Singapur
80%
49.643€ Südkorea
77%
51.793€ Saudi-Arabien
75%
73.203€ Vereinigte Arabische Emirate
71%
105.644€ Katar
70%
53.663€ Bahrain
57%
47.586€ Kuwait
55%
64.228€ Taiwan
49%
46.932€ Israel
48%
70.118€ Brunei
41%
Keine übereinstimmenden Quizze gefunden
Verteilung der Resultate
Anzahl Personen mit jedem Resultat
Perzentil nach korrekt beantworteten Fragen
Ihre Resultats-Entwicklung
Sie haben dieses Quiz noch nicht gespielt